[Event "Jugendweltmeisterschaft U14"]
[Site "BELFORT"]
[Date "2005.07.23"]
[Round "6.3"]
[White "Le, Quang Liem"]
[Black "Utegaliev, A."]
[Result "1-0"]
[WhiteElo "2326"]
[BlackElo "2249"]
[PlyCount "51"]
[EventDate "2005.07.18"]

1. d4 d5 2. c4 c6 3. Nc3 Nf6 4. e3 a6 5. Qc2 b5 6. b3 e6 7. Nf3 Nbd7 8. Bd3 Bb7
9. O-O Rc8 10. c5 g6 11. b4 Bg7 12. a4 O-O 13. h3 Qc7 14. Bb2 Nh5 15. g4 Nhf6
16. Kg2 h5 17. g5 Nh7 18. e4 e5 19. axb5 axb5 20. exd5 cxd5 21. Nxb5 Qd8 22.
dxe5 Nxg5 23. Nbd4 Ne4 24. Ra7 Ra8 25. e6 Ne5 26. e7 1-0

[Event "Jugendweltmeisterschaft U16w"]
[Site "Belfort (FRA)"]
[Date "2005.07.23"]
[Round "6.1"]
[White "Muzychuk, Anna"]
[Black "Corke, Anya"]
[Result "1-0"]
[WhiteElo "2364"]
[BlackElo "2223"]
[PlyCount "80"]
[EventDate "2005.07.18"]

1. e4 c5 2. Nc3 Nc6 3. Bb5 Nd4 4. Nf3 Nxb5 5. Nxb5 a6 6. Nc3 e6 7. d4 cxd4 8.
Qxd4 Qc7 9. Bg5 f6 10. Be3 Ne7 11. O-O-O Nc6 12. Qb6 Qxb6 13. Bxb6 Bb4 14. Na4
Ba5 15. Rd6 Bb4 16. Rd3 Kf7 17. h4 Be7 18. a3 g6 19. Rhd1 f5 20. e5 h6 21. Be3
g5 22. Nb6 f4 23. Nxa8 fxe3 24. Rxe3 b5 25. Nb6 g4 26. Nxc8 Rxc8 27. Nh2 Bxh4
28. Nxg4 h5 29. Nh2 Kg6 30. g3 Be7 31. Rxd7 Bc5 32. Re2 Nd4 33. Rd2 Nc6 34. Nf3
Kf5 35. Rf7+ Kg4 36. Rf4+ Kh3 37. Ng5+ Kg2 38. Nxe6 Nxe5 39. Rd5 Bf8 40. Rxb5
axb5 1-0

[Event "Jugendweltmeisterschaft U GU14"]
[Site "BELFORT"]
[Date "2005.07.23"]
[Round "6.1"]
[White "Bodnaruk, Anastasia"]
[Black "Tairova, Elena"]
[Result "1/2-1/2"]
[WhiteElo "2165"]
[BlackElo "2232"]
[PlyCount "102"]
[EventDate "2005.07.18"]

1. e4 e6 2. d3 d5 3. Nd2 Nf6 4. Ngf3 b6 5. c3 c5 6. Qc2 Qc7 7. g3 Nc6 8. Bg2
dxe4 9. dxe4 Ba6 10. a3 Be7 11. c4 O-O 12. O-O e5 13. b3 Rfd8 14. Bb2 Nd7 15.
Rfe1 Nf8 16. Nf1 Nd4 17. Nxd4 cxd4 18. Rac1 Ne6 19. h4 Rac8 20. Qd1 Qd6 21. Nd2
b5 22. Bf1 d3 23. Re3 bxc4 24. bxc4 Nc5 25. Bc3 Bb7 26. Bb4 Qg6 27. Kh2 a5 28.
Bxa5 Nxe4 29. Nxe4 Bxe4 30. Bxd8 Rxd8 31. c5 h6 32. Qd2 Rd4 33. Bh3 Qf6 34. Rc3
Qc6 35. f3 Bxf3 36. Rcxd3 Rxd3 37. Rxd3 Be4 38. Rc3 Bd5 39. Bg2 e4 40. Qe3 f5
41. Bf1 Bf6 42. Rc1 Qe6 43. c6 Bxc6 44. Bc4 Bd5 45. Qb3 Qc6 46. Qe3 Be7 47. Rc3
Kh7 48. Bf1 Kg8 49. Qd2 e3 50. Rxe3 Be4 51. Rxe4 Bf8 1/2-1/2

[Event "Jugendweltmeisterschaft U12"]
[Site "Belfort (FRA)"]
[Date "2005.07.23"]
[Round "6.2"]
[White "Kavaliou, Uladzislau"]
[Black "Narayanan, Srinath"]
[Result "0-1"]
[WhiteElo "2027"]
[BlackElo "2084"]
[PlyCount "98"]
[EventDate "2005.07.18"]

1. e4 c5 2. Nc3 d6 3. f4 g6 4. Nf3 Bg7 5. Bc4 Nc6 6. O-O e6 7. d3 Nge7 8. Qe1
O-O 9. Qh4 d5 10. Bb3 Nd4 11. f5 exf5 12. Nxd4 Bxd4+ 13. Kh1 c4 14. dxc4 dxe4
15. Bg5 f6 16. c5+ Kh8 17. Bh6 Nc6 18. Bxf8 Qxf8 19. Na4 Be5 20. c3 Na5 21. Bc2
Nc4 22. Rfe1 Bd7 23. Rad1 Bxa4 24. Bxa4 Nxb2 25. Rd7 h5 26. Bb3 Nd3 27. Rf1 Qh6
28. Bc2 Nxc5 29. Re7 Qf8 30. Rxe5 fxe5 31. g4 Qd8 32. Qf2 Nd3 33. Bxd3 exd3 34.
gxf5 Qd5+ 35. Kg1 gxf5 36. h3 Rg8+ 37. Kh2 f4 38. Rb1 Rg3 39. c4 Qe6 40. Qf1
Qxc4 41. Rb2 Qd5 42. Qf2 Qf3 43. Qxf3 Rxf3 44. Rxb7 d2 45. Rd7 Rf2+ 46. Kg1 Re2
47. Kf1 Re1+ 48. Kf2 d1=Q 49. Rxd1 Rxd1 0-1

[Event "Jugendweltmeisterschaft U12w"]
[Site "Belfort (FRA)"]
[Date "2005.07.23"]
[Round "6.2"]
[White "Cori T., Deysi"]
[Black "Arabidze, Meri"]
[Result "1/2-1/2"]
[WhiteElo "2035"]
[BlackElo "1599"]
[PlyCount "67"]
[EventDate "2005.07.18"]

1. d4 Nf6 2. c4 c5 3. d5 e6 4. Nc3 exd5 5. cxd5 d6 6. Nf3 g6 7. g3 Bg7 8. Bg2
a6 9. a4 O-O 10. O-O Re8 11. Re1 Nbd7 12. e4 Ng4 13. h3 Nge5 14. Nxe5 Nxe5 15.
f4 Nd7 16. Be3 Rb8 17. Qd3 Qc7 18. Bf1 Nf8 19. Bf2 Bd7 20. a5 b5 21. axb6 Rxb6
22. Rxa6 Rxb2 23. Ra3 Qc8 24. Rb1 Rxb1 25. Qxb1 Bxh3 26. Nb5 Rd8 27. Na7 Qg4
28. Nc6 Re8 29. Bxh3 Qxh3 30. Ra7 g5 31. Qb7 Qh5 32. Ne7+ Kh8 33. Nf5 Ba1 34.
Rxa1 1/2-1/2

[Event "Jugendweltmeisterschaft U10"]
[Site "Belfort"]
[Date "2005.07.23"]
[Round "6.1"]
[White "Grover, Sahaj"]
[Black "Alcaraz Ortega, Javier"]
[Result "1-0"]
[WhiteElo "1955"]
[BlackElo "1599"]
[PlyCount "97"]
[EventDate "2005.07.18"]

1. e4 d5 2. exd5 Qxd5 3. Nc3 Qa5 4. d4 Nf6 5. Nf3 c6 6. Bc4 Bf5 7. Bd2 e6 8.
Qe2 Bb4 9. O-O-O Nbd7 10. a3 Nb6 11. Bb3 Bxc3 12. Bxc3 Qb5 13. Qxb5 cxb5 14. d5
Nbxd5 15. Bxd5 Nxd5 16. Bxg7 Rg8 17. Rhe1 O-O-O 18. Be5 b4 19. axb4 Nxb4 20.
Nd4 Nc6 21. Nxc6 bxc6 22. Rxd8+ Rxd8 23. Re3 Rd5 24. f4 Bg4 25. Rd3 Rxd3 26.
cxd3 Bf5 27. Kc2 Kb7 28. Kc3 a6 29. Kc4 Kb6 30. Bd4+ Kc7 31. Bc5 Kd7 32. b4 Kc7
33. Kd4 h5 34. Ke3 Kd7 35. d4 Ke8 36. Kf3 Kd7 37. Kg3 Ke8 38. Kh4 Kd7 39. Kxh5
Be4 40. g3 f6 41. Kh6 Ke8 42. Kg7 f5 43. h4 Bf3 44. Kg6 Be2 45. h5 Bxh5+ 46.
Kxh5 Kf7 47. Kh6 Kf6 48. Bd6 Kf7 49. Be5 1-0

[Event "Jugendweltmeisterschaft U10w"]
[Site "Belfort"]
[Date "2005.07.23"]
[Round "6.3"]
[White "Wang, Jie"]
[Black "Anakidze, Nino"]
[Result "1-0"]
[WhiteElo "1599"]
[BlackElo "1963"]
[PlyCount "83"]

1. e4 c6 2. d4 d5 3. Nc3 dxe4 4. Nxe4 Nd7 5. Qe2 e6 6. g3 Ngf6 7. Nxf6+ Nxf6 8.
c3 Be7 9. Bg2 Qc7 10. Bf4 Bd6 11. Bxd6 Qxd6 12. f4 b6 13. Nf3 Bb7 14. Ne5 Qc7
15. f5 O-O-O 16. fxe6 fxe6 17. O-O Rde8 18. Qc4 c5 19. Qa4 Bxg2 20. Kxg2 Kb7
21. b4 cxd4 22. cxd4 Rc8 23. Rac1 Qxc1 24. Rxc1 Rxc1 25. b5 Rc7 26. Nc6 Ka8 27.
Qb4 Re8 28. a4 a5 29. Qc3 Nd5 30. Qf3 Kb7 31. h4 Kc8 32. h5 h6 33. Qe4 Nf6 34.
Qg6 Rf8 35. g4 Kb7 36. g5 hxg5 37. h6 gxh6 38. Qxh6 g4 39. Qxf8 Nd7 40. Qd6 Kc8
41. Qxe6 Kb7 42. Qxg4 1-0

[Event "Jugendweltmeisterschaft U18w"]
[Site "Belfort (FRA)"]
[Date "2005.07.25"]
[Round "7.2"]
[White "Purtseladze, Maka"]
[Black "Stojanovic, Andjelija"]
[Result "1/2-1/2"]
[WhiteElo "2313"]
[BlackElo "2162"]
[PlyCount "71"]
[EventDate "2005.07.18"]

1. d4 d5 2. c4 c6 3. Nf3 Nf6 4. e3 a6 5. Bd3 Bg4 6. Nbd2 e6 7. O-O Bd6 8. Qc2
Nbd7 9. b3 O-O 10. Bb2 Qb8 11. h3 Bxf3 12. Nxf3 b5 13. c5 Bc7 14. a4 b4 15. a5
e5 16. dxe5 Nxe5 17. Nd4 Qe8 18. Ra4 Nxd3 19. Qxd3 Ne4 20. Rc1 Qe5 21. f4 Qf6
22. Rxb4 Bxa5 23. Ra4 Bd8 24. Rxa6 Rc8 25. b4 Qh4 26. Qe2 g6 27. Nxc6 Re8 28.
Nxd8 Rcxd8 29. Bd4 g5 30. fxg5 Qxg5 31. Qg4 Qxg4 32. hxg4 Rb8 33. Rb6 Nd2 34.
Rxb8 Rxb8 35. c6 Nc4 36. b5 1/2-1/2

[Event "Jugendweltmeisterschaft U16"]
[Site "Belfort (FRA)"]
[Date "2005.07.25"]
[Round "7.14"]
[White "Lenderman, Alex"]
[Black "Tologontegin, Semetey"]
[Result "1-0"]
[WhiteElo "2378"]
[BlackElo "2254"]
[PlyCount "61"]

1. e4 c5 2. d4 cxd4 3. Nf3 d6 4. Nxd4 Nf6 5. Nc3 a6 6. Be3 e5 7. Nb3 Be6 8. f3
Nbd7 9. g4 Nb6 10. Qd2 Be7 11. O-O-O O-O 12. h4 Nc4 13. Bxc4 Bxc4 14. g5 Nh5
15. Nd5 Bxd5 16. Qxd5 Qc7 17. c3 b5 18. Kb1 Kh8 19. Rc1 f5 20. c4 fxe4 21. fxe4
Qd7 22. c5 Rad8 23. c6 Qg4 24. Nd2 Ng3 25. Rcg1 Rc8 26. Rh2 Rf3 27. Bf2 Qf4 28.
Nxf3 Nxe4 29. Re1 Qxf3 30. Qxe4 Qf7 31. Bb6 1-0

[Event "Jugendweltmeisterschaft U16w"]
[Site "Belfort (FRA)"]
[Date "2005.07.25"]
[Round "7.1"]
[White "Leks, Hanna"]
[Black "Muzychuk, Anna"]
[Result "0-1"]
[WhiteElo "2173"]
[BlackElo "2364"]
[PlyCount "174"]
[EventDate "2005.07.18"]

1. e4 c5 2. Nf3 e6 3. c4 Nc6 4. Nc3 Nge7 5. d4 cxd4 6. Nxd4 Nxd4 7. Qxd4 Nc6 8.
Qd1 Bc5 9. Be2 O-O 10. O-O d6 11. a3 e5 12. Bg4 Be6 13. Nd5 Bd4 14. Rb1 Qh4 15.
Bf3 Rac8 16. b4 f5 17. g3 Qd8 18. Qe2 Qd7 19. Bd2 fxe4 20. Bxe4 Bh3 21. Bg2 Bg4
22. Qd3 Bf5 23. Be4 Bxe4 24. Qxe4 Ne7 25. Rbc1 Nxd5 26. Qxd5+ Qf7 27. Qxf7+
Rxf7 28. Bc3 Rfc7 29. Bxd4 exd4 30. Rcd1 Rxc4 31. Rd3 Kf7 32. Rfd1 Ke6 33. Rxd4
Rxd4 34. Rxd4 Ke5 35. Rd3 d5 36. Re3+ Kd6 37. Rd3 Rc4 38. Kf1 d4 39. Ke1 Ke5
40. Kd2 Ke4 41. f3+ Kd5 42. Rb3 b5 43. Rd3 a6 44. h3 Rc6 45. Rb3 Rh6 46. h4 Rg6
47. g4 h5 48. gxh5 Rg2+ 49. Kd3 Rf2 50. Rb1 Rxf3+ 51. Kd2 Rxa3 52. Rg1 Rh3 53.
Rxg7 Rxh4 54. Rc7 Rh2+ 55. Kd3 Rh3+ 56. Kc2 d3+ 57. Kc3 Kd6 58. Ra7 d2+ 59.
Kxd2 Rxh5 60. Rxa6+ Kd5 61. Rg6 Kc4 62. Rg3 Kxb4 63. Kc2 Rh2+ 64. Kb1 Rd2 65.
Kc1 Rf2 66. Rh3 Ka4 67. Kb1 b4 68. Rg3 Rd2 69. Kc1 Ra2 70. Kb1 Ra3 71. Rg8 Rh3
72. Kb2 Rh2+ 73. Kb1 Ka3 74. Rb8 Kb3 75. Kc1 Rh1+ 76. Kd2 Rb1 77. Rb7 Ka2 78.
Ra7+ Kb2 79. Ra8 b3 80. Rb8 Rh1 81. Rb7 Rh5 82. Kd3 Rc5 83. Rb8 Ka2 84. Ra8+
Kb1 85. Rb8 b2 86. Kd2 Ra5 87. Ke1 Ra8 0-1

[Event "Jugendweltmeisterschaft U14"]
[Site "BELFORT"]
[Date "2005.07.25"]
[Round "7.2"]
[White "Sandeep, Y."]
[Black "Le, Quang Liem"]
[Result "0-1"]
[WhiteElo "2189"]
[BlackElo "2326"]
[PlyCount "80"]
[EventDate "2005.07.18"]

1. Nf3 d5 2. g3 c6 3. Bg2 Bf5 4. O-O Nf6 5. d4 e6 6. b3 Be7 7. Bb2 h6 8. c4 O-O
9. Nbd2 Nbd7 10. Ne5 Bh7 11. Ndf3 a5 12. a3 Qb6 13. Rc1 Rfd8 14. Nd3 dxc4 15.
Rxc4 Be4 16. Nfe5 Bd5 17. Nxd7 Rxd7 18. Bxd5 exd5 19. Rc1 Bd6 20. Ne5 Re7 21.
Qd3 Rae8 22. Rc2 Qd8 23. Kg2 Qc8 24. Nf3 Nh7 25. Bc3 Bxa3 26. Bxa5 Bd6 27. Re1
Nf8 28. Bd2 Ne6 29. b4 Nc7 30. Ng1 Nb5 31. f3 Qd8 32. Nh3 Qb6 33. e3 Nxd4 34.
Rcc1 Nb5 35. Nf2 Be5 36. Ng4 h5 37. Nxe5 Rxe5 38. Rc5 Ra8 39. Qxd5 cxd5 40. Bc1
Qd8 0-1

[Event "Jugendweltmeisterschaft U14w"]
[Site "BELFORT"]
[Date "2005.07.25"]
[Round "7.1"]
[White "Tairova, Elena"]
[Black "Ramya, Krishna I"]
[Result "1-0"]
[WhiteElo "2232"]
[BlackElo "2165"]
[PlyCount "51"]
[EventDate "2005.07.18"]

1. e4 e5 2. Nf3 Nc6 3. Bc4 Bc5 4. c3 Nf6 5. d3 a6 6. Bb3 d6 7. Nbd2 O-O 8. h3
Ba7 9. Nf1 d5 10. Qe2 h6 11. g4 dxe4 12. dxe4 Nh7 13. Be3 Qf6 14. Bxa7 Rxa7 15.
Ne3 Ne7 16. h4 Rd8 17. Rg1 Ng6 18. Nd5 Qd6 19. O-O-O Re8 20. Qe3 b6 21. g5 hxg5
22. Nxg5 Nxg5 23. Qxg5 Qf8 24. Nf6+ gxf6 25. Qxg6+ Kh8 26. Qh5+ 1-0

[Event "Jugendweltmeisterschaft U12"]
[Site "Belfort (FRA)"]
[Date "2005.07.25"]
[Round "7.1"]
[White "Sjugirov, Sanan"]
[Black "Narayanan, Srinath"]
[Result "0-1"]
[WhiteElo "2358"]
[BlackElo "2084"]
[PlyCount "134"]
[EventDate "2005.07.18"]

1. e4 c5 2. Nf3 d6 3. Nc3 Nf6 4. e5 dxe5 5. Nxe5 Nbd7 6. d4 e6 7. Bb5 a6 8.
Bxd7+ Bxd7 9. O-O Bc6 10. Nxc6 bxc6 11. Qf3 Rc8 12. dxc5 Bxc5 13. Bg5 Be7 14.
Rad1 Qc7 15. Rfe1 O-O 16. Bf4 Qb7 17. b3 Rfd8 18. Be5 Nd5 19. Ne4 f6 20. Bb2 e5
21. Qg4 Kh8 22. a3 Nf4 23. g3 Nd5 24. Qe6 Qd7 25. Qxd7 Rxd7 26. c4 Nb6 27. Rxd7
Nxd7 28. Rd1 Nf8 29. Nd6 Rb8 30. b4 Ne6 31. Bc3 Kg8 32. Rd2 Ng5 33. Kf1 Bxd6
34. Rxd6 Ne4 35. Rd3 Nxc3 36. Rxc3 Kf7 37. Ke2 Ke6 38. Rd3 a5 39. bxa5 Ra8 40.
Kd2 Rxa5 41. Kc2 e4 42. Re3 Ke5 43. Kb3 c5 44. Re2 f5 45. Rd2 g5 46. Rd5+ Ke6
47. a4 Kf6 48. Rd7 f4 49. Rd8 Kf5 50. h3 e3 51. gxf4 gxf4 52. f3 Ra6 53. Rd5+
Kf6 54. Rd1 Kg5 55. Rg1+ Kh4 56. a5 Rxa5 57. Kc3 Kxh3 58. Kd3 Ra2 59. Ke4 Rg2
60. Rh1+ Kg3 61. Rxh7 e2 62. Rh1 Kf2 63. Kxf4 e1=Q 64. Rxe1 Kxe1 65. Ke5 Kd2
66. Kd5 Rg5+ 67. Kc6 Kc3 0-1

[Event "Jugendweltmeisterschaft U12w"]
[Site "Belfort (FRA)"]
[Date "2005.07.25"]
[Round "7.2"]
[White "Arabidze, Meri"]
[Black "Haast, Anne"]
[Result "1-0"]
[WhiteElo "1599"]
[BlackElo "1599"]
[PlyCount "75"]

1. d4 d5 2. c4 e6 3. g3 dxc4 4. Nf3 c5 5. Bg2 Bd7 6. Ne5 Nc6 7. Nxc6 Bxc6 8.
Bxc6+ bxc6 9. dxc5 Qxd1+ 10. Kxd1 Bxc5 11. e3 Nf6 12. Ke2 Ke7 13. Nd2 Rhd8 14.
Nxc4 Rd5 15. Bd2 Rad8 16. Rac1 Ne4 17. Bc3 Bb6 18. f3 Nd6 19. Nxb6 axb6 20.
Bxg7 Nb5 21. Rhd1 Rxd1 22. Rxd1 Rxd1 23. Kxd1 f6 24. Bh6 Nd6 25. e4 Nc4 26. Bc1
Kd7 27. Ke2 c5 28. b3 Na5 29. Bb2 e5 30. Kd3 Ke6 31. Bc3 Nb7 32. a4 Nd6 33. a5
bxa5 34. Bxa5 Nb7 35. Bd2 Nd6 36. Be3 Nb7 37. Kc4 Kd6 38. Bc1 1-0

[Event "Jugendweltmeisterschaft U10"]
[Site "Belfort"]
[Date "2005.07.25"]
[Round "7.1"]
[White "Bajarani, Ulvi"]
[Black "Grover, Sahaj"]
[Result "0-1"]
[WhiteElo "1599"]
[BlackElo "1955"]
[PlyCount "102"]

1. g3 d5 2. Bg2 e5 3. d3 Nf6 4. e3 Nc6 5. Ne2 Be6 6. b3 Qd7 7. Bb2 O-O-O 8. Nd2
Bh3 9. O-O h5 10. Nf3 Bxg2 11. Kxg2 h4 12. Nxe5 Nxe5 13. Bxe5 hxg3 14. Bxg3
Qh3+ 15. Kh1 Bd6 16. f4 Ng4 17. Rf3 Nxh2 18. Ng1 Qh5 19. Kg2 Nxf3 20. Qxf3
Qxf3+ 21. Nxf3 f6 22. e4 dxe4 23. dxe4 g5 24. fxg5 Bxg3 25. Kxg3 fxg5 26. Rf1
Rhg8 27. e5 g4 28. Nh2 Rd4 29. Re1 Kd7 30. Re3 Ke6 31. c3 Rd1 32. Kg2 Rd5 33.
Rg3 Rxe5 34. Nxg4 Re2+ 35. Kf1 Rxa2 36. Re3+ Kd6 37. Rd3+ Kc5 38. Ne5 Rf8+ 39.
Kg1 Re8 40. b4+ Kb6 41. Re3 Rg8+ 42. Kf1 Rgg2 43. Nc4+ Kb5 44. Ne5 Rgc2 45. Nf3
Rc1+ 46. Ne1 Raa1 47. Kf2 Rxe1 48. Rxe1 Rxe1 49. Kxe1 Kc4 50. Kd2 b6 51. Kc2 a5
0-1

[Event "Jugendweltmeisterschaft U10w"]
[Site "Belfort"]
[Date "2005.07.25"]
[Round "7.4"]
[White "Chen, Yuxuan"]
[Black "Wang, Jie"]
[Result "1-0"]
[WhiteElo "1599"]
[BlackElo "1599"]
[PlyCount "75"]
[EventDate "2005.07.18"]

1. e4 c5 2. c3 Nf6 3. e5 Nd5 4. d4 cxd4 5. cxd4 e6 6. Nf3 Nc6 7. Bc4 Nb6 8. Bd3
d6 9. O-O Be7 10. Nc3 dxe5 11. dxe5 Nd7 12. Qe2 O-O 13. Rd1 Qa5 14. Qe4 g6 15.
Bh6 Rd8 16. Bb5 Nc5 17. Rxd8+ Qxd8 18. Qe3 Bd7 19. Rd1 Qc7 20. Bg5 a6 21. Bxc6
Bxc6 22. Bxe7 Qxe7 23. Rd6 Nd7 24. Ng5 h6 25. Nh3 Kg7 26. Nf4 Qg5 27. Rxe6 Bxg2
28. Rxg6+ fxg6 29. Ne6+ Kf7 30. Nxg5+ hxg5 31. Kxg2 Ke6 32. Qxg5 Nxe5 33. Qe3
g5 34. Ne4 Rg8 35. Qb3+ Kf5 36. Qxg8 Kxe4 37. Qxg5 b5 38. Qe3+ 1-0

[Event "Jugendweltmeisterschaft U18"]
[Site "Belfort (FRA)"]
[Date "2005.07.25"]
[Round "8.4"]
[White "Jones, Gawain C"]
[Black "Khairullin, Ildar"]
[Result "0-1"]
[WhiteElo "2442"]
[BlackElo "2538"]
[PlyCount "94"]

1. e4 c5 2. Nf3 e6 3. b3 b6 4. d4 cxd4 5. Nxd4 Bb7 6. Bd3 Bc5 7. Bb2 Qf6 8. c3
Nc6 9. Bc2 Ba6 10. Qd2 Rc8 11. a3 Nge7 12. b4 Bd6 13. b5 Bf4 14. Qd1 Nxd4 15.
cxd4 Bxb5 16. Nc3 Bc6 17. O-O O-O 18. g3 Bb8 19. f4 Qh6 20. Rf2 Bb7 21. Bb3 Kh8
22. d5 Bd6 23. Na4 exd5 24. e5 Bc5 25. Nxc5 bxc5 26. f5 d4 27. f6 gxf6 28. Bc1
Qg6 29. Bc2 f5 30. Rb1 Ba8 31. Kf1 Rb8 32. Rxb8 Rxb8 33. g4 Qa6+ 34. Ke1 Be4
35. Bg5 Nd5 36. gxf5 d3 37. Bb3 c4 38. Ba2 Qa5+ 39. Kf1 Qc3 40. e6 dxe6 41.
fxe6 fxe6 42. Bh6 Qd4 43. Qc1 c3 44. Bb3 d2 45. Qd1 Bd3+ 46. Kg1 Rg8+ 47. Kh1
Be4+ 0-1

[Event "Jugendweltmeisterschaft U18w"]
[Site "Belfort (FRA)"]
[Date "2005.07.25"]
[Round "8.1"]
[White "Zawadzka, Jolanta"]
[Black "Purtseladze, Maka"]
[Result "1/2-1/2"]
[WhiteElo "2402"]
[BlackElo "2313"]
[PlyCount "75"]
[EventDate "2005.07.18"]

1. e4 c6 2. d4 d5 3. Nc3 dxe4 4. Nxe4 Bf5 5. Ng3 Bg6 6. h4 h6 7. Nf3 Nd7 8. h5
Bh7 9. Bd3 Bxd3 10. Qxd3 e6 11. Bf4 Qa5+ 12. Bd2 Bb4 13. c3 Be7 14. c4 Qc7 15.
O-O Ngf6 16. Rfe1 O-O 17. Bc3 Bd6 18. Ne5 c5 19. Nxd7 Nxd7 20. Ne4 cxd4 21.
Bxd4 Bh2+ 22. Kh1 Be5 23. Bxe5 Nxe5 24. Qg3 f5 25. Nf6+ Rxf6 26. Qxe5 Qxc4 27.
f4 Qd5 28. Qe3 Rc8 29. Rad1 Qxa2 30. Rd7 Rf7 31. Red1 Rcf8 32. Rxf7 Rxf7 33.
Rd8+ Rf8 34. Rxf8+ Kxf8 35. Qc5+ Kf7 36. Qc7+ Kg8 37. Qd8+ Kh7 38. Qe8 1/2-1/2

[Event "Jugendweltmeisterschaft U16"]
[Site "Belfort (FRA)"]
[Date "2005.07.25"]
[Round "8.8"]
[White "Diamant, Andre"]
[Black "Lenderman, Alex"]
[Result "0-1"]
[WhiteElo "2226"]
[BlackElo "2378"]
[PlyCount "153"]
[EventDate "2005.07.18"]

1. e4 e5 2. Nf3 Nc6 3. Bb5 a6 4. Ba4 Nf6 5. O-O Be7 6. Re1 b5 7. Bb3 O-O 8. h3
d6 9. c3 Na5 10. Bc2 c5 11. d4 Qc7 12. Nbd2 cxd4 13. cxd4 Nc6 14. Nb3 a5 15.
Be3 a4 16. Nbd2 Bd7 17. Qe2 Nb4 18. Bb1 Rac8 19. a3 Nc2 20. Bxc2 Qxc2 21. dxe5
dxe5 22. Nxe5 Be8 23. Bd4 b4 24. Qe3 Bb5 25. Ndc4 Bxc4 26. Rac1 Qb3 27. Nxc4
Qxe3 28. Nxe3 bxa3 29. Bxf6 Bxf6 30. bxa3 Bb2 31. Rc4 Ra8 32. Nd5 Rfb8 33. Rb1
g6 34. g4 Rb3 35. Kg2 Kg7 36. Ne3 Ra7 37. h4 h6 38. h5 Kh7 39. Nd5 gxh5 40.
gxh5 Ra8 41. Rc7 Rg8+ 42. Kf1 Kg7 43. Ke2 Rgb8 44. Rg1+ Kf8 45. Rg4 Be5 46. Re7
Bd6 47. Rd7 Be5 48. Re7 Bd6 49. Rd7 Be5 50. Ne3 Rxa3 51. Nc4 Ra2+ 52. Kf1 Re8
53. Ne3 Bf6 54. Rf4 Re6 55. Nd5 Be7 56. Rb7 a3 57. Ra7 Re5 58. Rf3 Ra1+ 59. Kg2
Rg5+ 60. Rg3 Rxg3+ 61. Kxg3 Bc5 62. Ra8+ Kg7 63. e5 Rg1+ 64. Kf4 Bxf2 65. Rxa3
Bh4 66. Rf3 Bg5+ 67. Kf5 Rh1 68. Nf6 Rh4 69. Ne4 Be7 70. Ng3 Ra4 71. Ne4 Ra5
72. Rg3+ Kf8 73. Rb3 Ra1 74. Ng3 Bg5 75. Rf3 Ke7 76. Ne4 Rg1 77. Rf2 0-1

[Event "Jugendweltmeisterschaft U16w"]
[Site "Belfort (FRA)"]
[Date "2005.07.25"]
[Round "8.1"]
[White "Muzychuk, Anna"]
[Black "Saheli, Nath"]
[Result "1-0"]
[WhiteElo "2364"]
[BlackElo "2187"]
[PlyCount "59"]
[EventDate "2005.07.18"]

1. e4 c5 2. Nf3 d6 3. c3 Nf6 4. Be2 Nc6 5. d4 cxd4 6. cxd4 Nxe4 7. d5 Qa5+ 8.
Nc3 Nxc3 9. bxc3 Nb8 10. O-O Nd7 11. c4 Nf6 12. Bb2 Bd7 13. Bd3 e5 14. dxe6
fxe6 15. Bxf6 gxf6 16. Nd4 O-O-O 17. Qf3 f5 18. Rab1 Qc7 19. c5 d5 20. c6 Bxc6
21. Nxe6 Qd6 22. Nxd8 Qxd8 23. Bb5 Qd7 24. Rfc1 Bg7 25. Rxc6+ bxc6 26. Ba6+ Kd8
27. Rb8+ Ke7 28. Rb7 Ke8 29. Bf1 Bf8 30. Qd1 1-0

[Event "Jugendweltmeisterschaft U14"]
[Site "BELFORT"]
[Date "2005.07.25"]
[Round "8.1"]
[White "Le, Quang Liem"]
[Black "Matlakov, Maxim"]
[Result "1/2-1/2"]
[WhiteElo "2326"]
[BlackElo "2399"]
[PlyCount "69"]
[EventDate "2005.07.18"]

1. d4 d6 2. c4 f5 3. g3 Nf6 4. Bg2 g6 5. Nh3 Bg7 6. d5 O-O 7. Nf4 Na6 8. Nd2
Nc5 9. Nb3 e5 10. dxe6 Nxe6 11. Nxe6 Bxe6 12. Bxb7 Rb8 13. Nd4 Qe8 14. Bc6 Bd7
15. Bg2 Ne4 16. O-O Qf7 17. Qd3 Nc5 18. Qd2 Ne4 19. Qd3 Nc5 20. Qd2 Qxc4 21.
Nc6 Bxc6 22. Bxc6 Kh8 23. Bd5 Qb5 24. b3 Ne4 25. Bxe4 Bxa1 26. Bd5 Bg7 27. Bb2
Qd7 28. Rc1 c5 29. Rc4 Rbe8 30. h4 Bxb2 31. Qxb2+ Qg7 32. Qd2 Re5 33. e3 h6 34.
a3 Ra8 35. Qd1 1/2-1/2

[Event "Jugendweltmeisterschaft U14w"]
[Site "BELFORT"]
[Date "2005.07.25"]
[Round "8.1"]
[White "Muzichuk, Mariya"]
[Black "Tairova, Elena"]
[Result "1-0"]
[WhiteElo "2113"]
[BlackElo "2232"]
[PlyCount "93"]
[EventDate "2005.07.18"]

1. e4 e6 2. d4 d5 3. exd5 exd5 4. Nf3 Nc6 5. h3 Bd6 6. Be2 h6 7. O-O Nge7 8. c4
dxc4 9. Bxc4 O-O 10. Re1 Ng6 11. Nc3 Bf5 12. Ne4 Bb4 13. Bd2 Bxd2 14. Qxd2 Bxe4
15. Rxe4 Qf6 16. Qc3 Rad8 17. Ne5 Nge7 18. Rae1 Nf5 19. Nxf7 Rxd4 20. Nxh6+ Kh7
21. Nxf5 Qxf5 22. Rh4+ Rxh4 23. Bd3 Rf4 24. Bxf5+ R4xf5 25. Qd3 Kh8 26. f3 R5f6
27. Re4 Nd8 28. Qd7 R6f7 29. Re7 Rxe7 30. Qxe7 Kg8 31. Qxc7 a6 32. Kf2 Re8 33.
Qd7 Kf8 34. Kg3 Nf7 35. Qxb7 Re6 36. b4 Rf6 37. b5 axb5 38. Qxb5 Nd6 39. Qb8+
Ke7 40. a4 Rf8 41. Qc7+ Ke6 42. a5 Ra8 43. Qb6 Kd7 44. a6 Ne8 45. a7 Nc7 46.
Qb8 Kc6 47. Qb4 1-0

[Event "Jugendweltmeisterschaft U12"]
[Site "Belfort (FRA)"]
[Date "2005.07.25"]
[Round "8.1"]
[White "Narayanan, Srinath"]
[Black "Sethuraman, S.p"]
[Result "1-0"]
[WhiteElo "2084"]
[BlackElo "2203"]
[PlyCount "151"]
[EventDate "2005.07.18"]

1. e4 e5 2. Nf3 Nc6 3. Bc4 Nf6 4. d3 Be7 5. O-O O-O 6. Nbd2 d5 7. exd5 Nxd5 8.
Re1 Bg4 9. h3 Bh5 10. Ne4 Nb6 11. Bb3 a5 12. c3 Bg6 13. Bc2 f5 14. Neg5 Qd6 15.
Nh4 Kh8 16. Nxg6+ Qxg6 17. Nf3 Bf6 18. Qe2 Rfe8 19. Be3 Nd5 20. Rad1 Rad8 21.
Bc1 Re7 22. Qf1 Qh5 23. Nh2 Bg5 24. Bxg5 Qxg5 25. Kh1 Rd6 26. Bb3 Nf4 27. g3
Ng6 28. Nf3 Qh5 29. Qg2 Red7 30. Ba4 Re7 31. Kh2 h6 32. Bb3 Nf8 33. Ba4 Nd7 34.
Nh4 Rf7 35. Nf3 Re7 36. Nh4 Rf7 37. Rd2 f4 38. Bd1 Qg5 39. Nf3 Qg6 40. g4 Nc5
41. Nxe5 Nxe5 42. Rxe5 Nxd3 43. Re8+ Kh7 44. Bf3 Nc5 45. Rd5 Rfd7 46. Rxd6 Rxd6
47. Re5 Nd3 48. Be4 Nxe5 49. Bxg6+ Nxg6 50. Qe4 Kg8 51. Qxb7 Rd2 52. Qb3+ Kh7
53. Kg1 Nh4 54. c4 h5 55. Qc3 c5 56. Kf1 Rd4 57. f3 a4 58. b4 axb3 59. axb3
Rd1+ 60. Ke2 Rg1 61. Qd3+ g6 62. Qd8 g5 63. Qxg5 Ng6 64. Qxh5+ Kg7 65. Qxc5
Rg2+ 66. Kf1 Rg3 67. Kf2 Rxh3 68. Qc7+ Kh6 69. b4 Rh2+ 70. Kg1 Rd2 71. b5 Kg5
72. Qh7 Rb2 73. Qh5+ Kf6 74. Qf5+ Kg7 75. g5 Rg2+ 76. Kf1 1-0

[Event "Jugendweltmeisterschaft U12w"]
[Site "Belfort (FRA)"]
[Date "2005.07.25"]
[Round "8.1"]
[White "Arabidze, Meri"]
[Black "Paikidze, Nazi"]
[Result "1-0"]
[WhiteElo "1599"]
[BlackElo "2083"]
[PlyCount "85"]
[EventDate "2005.07.18"]

1. d4 Nf6 2. c4 e6 3. g3 Bb4+ 4. Bd2 Be7 5. Nf3 d5 6. Bg2 c6 7. O-O O-O 8. Nc3
dxc4 9. a4 Na6 10. e3 Nb4 11. Qe2 Nfd5 12. Ne5 b6 13. Rfd1 Qe8 14. e4 Nf6 15.
Bf4 Ba6 16. Nxc4 Nd7 17. b3 e5 18. Be3 exd4 19. Bxd4 Nc5 20. Qg4 f6 21. Bxc5
Bxc5 22. Rd7 Rf7 23. Rxf7 Qxf7 24. Rd1 Bxc4 25. bxc4 Qxc4 26. Rd7 Bf8 27. Nd1
Nd3 28. Bf1 Qxa4 29. Bxd3 f5 30. Qf3 c5 31. Rd5 c4 32. Bf1 Qc6 33. Rxf5 b5 34.
Ne3 g6 35. Rf6 Qd7 36. e5 Re8 37. Nxc4 Bg7 38. Rd6 Qf7 39. Qxf7+ Kxf7 40. Rd7+
Re7 41. Nd6+ Ke6 42. Bh3+ Kd5 43. Bf1 1-0

[Event "Jugendweltmeisterschaft U10"]
[Site "Belfort"]
[Date "2005.07.25"]
[Round "8.1"]
[White "Grover, Sahaj"]
[Black "Naroditsky, Daniel"]
[Result "1/2-1/2"]
[WhiteElo "1955"]
[BlackElo "1599"]
[PlyCount "61"]
[EventDate "2005.07.18"]

1. e4 c5 2. Nf3 d6 3. d4 cxd4 4. Nxd4 Nf6 5. Nc3 a6 6. Bc4 e6 7. a3 Be7 8. O-O
O-O 9. f4 Nc6 10. Be3 Bd7 11. Nf3 Ng4 12. Qe2 Nxe3 13. Qxe3 Rc8 14. Kh1 Qc7 15.
Ba2 Bf6 16. Rad1 Rfd8 17. e5 dxe5 18. f5 Nd4 19. fxe6 Bxe6 20. Bxe6 Nxe6 21.
Nd5 Rxd5 22. Rxd5 Qc6 23. Rxe5 Qxc2 24. Re4 Bxb2 25. Rxe6 fxe6 26. Qxe6+ Kh8
27. Kg1 h6 28. Ng5 Bd4+ 29. Kh1 Qd3 30. Nh7 Kxh7 31. Qf5+ 1/2-1/2